Vzpomínky /
Oblíbený americký autor přichází s novým psychologickým thrillerem o ženě, kterou pronásledují děsivé vzpomínky - na život někoho jiného.
Uloženo v:
| Hlavní autor: | |
|---|---|
| Další autoři: | |
| Médium: | E-kniha |
| Jazyk: | Czech |
| Vydáno: |
Praha :
Euromedia Group,
2023
|
| Vydání: | Vydání první |
| Témata: | |
| Tagy: |
Žádné tagy |
| LEADER | 02578nam a2200469 i 4500 | ||
|---|---|---|---|
| 001 | 311976 | ||
| 003 | CZ PrSKC | ||
| 005 | 20260601215715.0 | ||
| 007 | ta | ||
| 008 | 230712s2023 xr g 000 f cze | ||
| 015 | |a cnb003501455 | ||
| 020 | |a 9788024289076 |q (vázáno) | ||
| 035 | |a (OCoLC)1402156317 | ||
| 040 | |a ABG001 |b cze |e rda | ||
| 041 | 1 | |a cze |h eng | |
| 072 | 7 | |a 821.111(73)-3 |x Americká próza |2 Konspekt | |
| 080 | |a 821.111(73)-31 |2 MRF | ||
| 080 | |a (0:82-312.4) |2 MRF | ||
| 100 | 1 | |a Freeman, Brian, |d 1963- |7 xx0040834 |4 aut | |
| 240 | 1 | 0 | |a I remember you. |l Česky |
| 245 | 1 | 0 | |a Vzpomínky / |c Brian Freeman ; přeložil Jan Jirák |
| 250 | |a Vydání první | ||
| 264 | 1 | |a Praha : |b Euromedia Group, |c 2023 | |
| 300 | |a 326 stran ; |c 24 cm | ||
| 336 | |a text |b txt |2 rdacontent | ||
| 337 | |a bez média |b n |2 rdamedia | ||
| 338 | |a svazek |b nc |2 rdacarrier | ||
| 500 | |a "Vydala Euromedia Group, a.s., v edici Kalibr"--Tiráž | ||
| 500 | |a Přeloženo z angličtiny | ||
| 520 | 2 | |a Oblíbený americký autor přichází s novým psychologickým thrillerem o ženě, kterou pronásledují děsivé vzpomínky - na život někoho jiného. |b Hallie Eversová toho čtvrtého července stihla poměrně dost: vyhazov z práce, kopačky od přítele - a taky vlastní smrt, která ji zastihla na střešní party v Las Vegas. A pak se o pár hodin později probudí v nemocnici s pocitem, že je něco jinak. Hlavu má podivně přeplněnou vzpomínkami - na místa, kde nikdy nebyla, na osoby, které nikdy neviděla. A taky na události, které začínají být čím dál konkrétnější a děsivější: v jedné z nich totiž vidí něčí vraždu. Někdo si zjevně zahrál s její pamětí. A někdo jiný brzy začne usilovat o to, aby tyhle nebezpečné vzpomínky zmizely... jednou provždy. Nakladatelská anotace. | |
| 655 | 7 | |a americké romány |7 fd131796 |2 czenas | |
| 655 | 7 | |a thrillery (romány) |7 fd184206 |2 czenas | |
| 655 | 9 | |a American fiction |2 eczenas | |
| 655 | 9 | |a thrillers (novels) |2 eczenas | |
| 700 | 1 | |a Jirák, Jan, |d 1958- |7 jn20000401248 |4 trl | |
| 900 | |a ABA001 |b 20 | ||
| 928 | 9 | |a Kalibr | |
| 928 | 9 | |a Euromedia Group - Kalibr | |
| 044 | |a xr | ||
| 910 | |a RBIT002 | ||
| 998 | |d 379584 |a https://core.palmknihy.cz/api/books/379584/cover?rwuuv2 |b https://core.palmknihy.cz/api/books/379584/cover/400?rwuuv2 |c https://core.palmknihy.cz/api/books/379584/cover/50?rwuuv2 |e 2027-04-07 |g 328 |i 9788024289076 |j https://core.palmknihy.cz/api/books/379584/preview.epub |l |q 49 |r 1 |s https://www.palmknihy.cz/kniha/379584 |t ebook |y 2023 |z 0 | ||
| 999 | |d 311974 | ||